000 010160000a22002530004500
003 EG-GICUC
005 20250223030038.0
008 090901s1978 ua b f m 000 0 ara d
040 _aEG-GiCUC
_bara
_cEG-GiCUC
041 0 _aara
049 _aايداع
097 _aدكتوراه
099 _aCai01.02.03.Ph.D.1978.فر.ح
100 0 _aفرج محمد محمد
245 1 2 _aالحياة الاجتماعية والاقتصادية والثقافية لدولة المماليك فى العراق 1749-1831 /
_cفرج محمد محمد ؛ اشراف محمد احمد انيس
260 _aالقاهرة :
_bفرج محمد محمد :
_c1978
300 _a631ورقة :
_bخرائط ؛
_c30سم
502 _aاطروحة(دكتوراه) - جامعة القاهرة - كلية الاداب - قسم التاريخ
700 0 _aمحمد احمد انيس :
_eمشرف
856 _uhttp://172.23.153.220/th.pdf
905 _aEnas
_eCataloger
905 _aMustafa
_eRevisor
942 _2ddc
_cTH
999 _c26243
_d26243